| 000 | 00000cas 2200000zi 4500 |
| 001 | 9.963168 |
| 003 | CaOODSP |
| 005 | 20260602084711 |
| 006 | m o d f |
| 007 | cr cn |||||||| |
| 008 | 260529c20249999onc r p o f0 b0fre|d |
| 020 | |z9780660686592 |
| 020 | |z9780660975665 |
| 022 | |a3111-1998 |
| 040 | |aCaOODSP|bfre|erda|cCaOODSP |
| 043 | |an-cn--- |
| 086 | 1 |aM12-21F-PDF|zM4-244/2023F-PDF|zM4-244/2025F-PDF |
| 222 | 0|aDocument technique sur le Crédit d'impôt à l'investissement pour le captage, l'utilisation et le stockage du carbone (CUSC-CII) |
| 245 | 00|aDocument technique sur le Crédit d'impôt à l'investissement pour le captage, l'utilisation et le stockage du carbone (CUSC-CII) : |bdocument technique. |
| 264 | 1|a[Ottawa] : |bRessources naturelles Canada = Natural Resources Canada, |c[2024]- |
| 310 | |aAnnuel |
| 336 | |atexte|btxt|2rdacontent/fre |
| 337 | |ainformatique|bc|2rdamedia/fre |
| 338 | |aressource en ligne|bcr|2rdacarrier/fre |
| 362 | 1 |aParaît depuis : 2024. |
| 500 | |aPublié aussi en anglais sous le titre : Carbon Capture, Utilization and Storage Investment Tax Credit (CCUS-ITC) : technical guidance document. |
| 588 | |aDescription d'après : 2024. |
| 588 | |aDernière livraison consultée : 2025. |
| 650 | 6|aPiégeage du carbone|vPériodiques|zCanada. |
| 650 | 6|aCrédit d'impôt|zCanada|vPériodiques. |
| 650 | 6|aGaz carbonique|xRéduction|zCanada|vPériodiques. |
| 655 | 7|aPériodiques|2rvmgf |
| 710 | 1 |aCanada. |bRessources naturelles Canada, |eorganisme de publication. |
| 775 | 08|tCarbon Capture, Utilization and Storage Investment Tax Credit (CCUS-ITC) : |w(CaOODSP)9.963169 |